[Event "TUR-chT"]
[Site "Kocaeli"]
[Date "2015.08.11"]
[Round "8.3"]
[White "Can, Emre"]
[Black "Arduman, Can"]
[Result "1/2-1/2"]
[WhiteElo "2547"]
[BlackElo "2328"]
[PlyCount "49"]
[EventDate "2015.08.04"]
[EventType "team-tourn"]
[EventRounds "13"]
[EventCountry "TUR"]
[SourceTitle "CBM 167 Extra"]
[Source "ChessBase"]
[SourceDate "2015.09.14"]
[SourceVersion "1"]
[SourceVersionDate "2015.09.14"]
[SourceQuality "1"]
[WhiteTeam "Istanbul Teknik Uni"]
[BlackTeam "Alyans Satranc"]
[WhiteTeamCountry "TUR"]
[BlackTeamCountry "TUR"]

1. d4 Nf6 2. c4 g6 3. Nc3 Bg7 4. e4 d6 5. Nf3 0-0 6. Be2 e5 7. 0-0 Nc6 8. d5 Ne7 9. a4 a5 10. Ne1 Nd7 11. Nd3 b6 12. Bd2 f5 13. f3 Nc5 14. Nxc5 dxc5 15. exf5 gxf5 16. f4 Ng6 17. g3 exf4 18. gxf4 Bd7 19. Bd3 Qf6 20. Kh1 Rae8 21. Qh5 Qh4 22. Qxh4 Nxh4 23. Rae1 Rxe1 24. Bxe1 Ng6 25. Bc2 1/2-1/2

[Event "TUR-chT"]
[Site "Kocaeli"]
[Date "2015.08.08"]
[Round "5.4"]
[White "Atakisi, Umut"]
[Black "Arduman, Can"]
[Result "1-0"]
[WhiteElo "2332"]
[BlackElo "2328"]
[PlyCount "121"]
[EventDate "2015.08.04"]
[EventType "team-tourn"]
[EventRounds "13"]
[EventCountry "TUR"]
[SourceTitle "CBM 167 Extra"]
[Source "ChessBase"]
[SourceDate "2015.09.14"]
[SourceVersion "1"]
[SourceVersionDate "2015.09.14"]
[SourceQuality "1"]
[WhiteTeam "Besiktas Jimnastik"]
[BlackTeam "Alyans Satranc"]
[WhiteTeamCountry "TUR"]
[BlackTeamCountry "TUR"]

1. e4 d6 2. d4 Nf6 3. Nc3 g6 4. Nf3 Bg7 5. Be2 0-0 6. 0-0 Bg4 7. h3 Bxf3 8. Bxf3 Nc6 9. Ne2 Nd7 10. c3 e6 11. Be3 Nb6 12. b3 a5 13. a4 Nd7 14. Qd2 e5 15. Ng3 Re8 16. Be2 exd4 17. cxd4 h5 18. f3 Nb4 19. Rac1 c6 20. Nh1 Qe7 21. Nf2 Nf6 22. Rfe1 Qf8 23. Nd3 Nxd3 24. Bxd3 Kh7 25. g4 Qe7 26. Kg2 Qe6 27. g5 Nd7 28. d5 cxd5 29. exd5 Qe7 30. Rc7 Qd8 31. Rec1 Re7 32. Rxb7 Ne5 33. Rxe7 Qxe7 34. Bb5 f6 35. f4 Nf7 36. h4 Qe4+ 37. Kg3 fxg5 38. hxg5 Nxg5 39. Qe2 h4+ 40. Kxh4 Nf7 41. Bd2 Qxd5 42. Bc6 Bf6+ 43. Kg3 Qxb3+ 44. Qf3 Qxf3+ 45. Kxf3 Ra7 46. Ke4 Nh6 47. Rb1 Nf5 48. Rb7+ Rxb7 49. Bxb7 Bd8 50. Kd5 Kg7 51. Ke6 Bb6 52. Bc3+ Bd4 53. Bxa5 Be3 54. Bd8 Bxf4 55. a5 Be3 56. Bb6 Nd4+ 57. Kxd6 Kf6 58. Bc6 Bf4+ 59. Kd7 Ne6 60. a6 Nc7 61. a7 1-0

[Event "TUR-chT"]
[Site "Kocaeli"]
[Date "2014.08.29"]
[Round "13.3"]
[White "Burcu, Cagatay"]
[Black "Arduman, Can"]
[Result "1/2-1/2"]
[WhiteElo "2099"]
[BlackElo "2347"]
[PlyCount "141"]
[EventDate "2014.08.18"]
[EventType "team-tourn"]
[EventRounds "13"]
[EventCountry "TUR"]
[SourceTitle "CBM 162 Extra"]
[Source "ChessBase"]
[SourceDate "2014.10.17"]
[SourceVersion "1"]
[SourceVersionDate "2014.10.17"]
[SourceQuality "1"]
[WhiteTeam "Antalya Calli"]
[BlackTeam "TS Alyans"]
[WhiteTeamCountry "TUR"]
[BlackTeamCountry "TUR"]

1. d4 Nf6 2. Nf3 e6 3. Nbd2 c5 4. e3 b6 5. Bd3 cxd4 6. exd4 Bb7 7. 0-0 Be7 8. Re1 0-0 9. Nf1 d6 10. Ng3 Nbd7 11. c3 Re8 12. Bg5 a6 13. Qe2 Qc7 14. Rad1 b5 15. a3 Bd5 16. Nd2 Qc6 17. Bxf6 Nxf6 18. Nde4 Nxe4 19. Bxe4 Bxe4 20. Nxe4 d5 21. Ng3 g6 22. Qg4 f5 23. Qf4 Bf6 24. h4 Kg7 25. Rd3 Ra7 26. Nf1 Qc7 27. Qxc7+ Rxc7 28. g3 a5 29. Nd2 Kf7 30. Nb3 b4 31. axb4 axb4 32. Rde3 bxc3 33. bxc3 Rc6 34. Kg2 Be7 35. Nd2 h6 36. Nf3 Bf6 37. Rb1 Re7 38. Rb3 Rec7 39. Kf1 Ra6 40. Ne5+ Bxe5 41. Rxe5 Kf6 42. Kg2 Rcc6 43. Re2 Ra1 44. Kf3 Rc1 45. Re3 Rc2 46. Ra3 g5 47. hxg5+ hxg5 48. Rb3 g4+ 49. Kg2 Rc1 50. f4 Rc2+ 51. Kg1 Ke7 52. Ra3 Kd6 53. Kf1 Ke7 54. Kg1 Kf7 55. Ra7+ Kg6 56. Ra3 Kh5 57. Kf1 Rb6 58. Re2 Rb1+ 59. Kf2 Rxe2+ 60. Kxe2 Rb2+ 61. Kf1 Kg6 62. Ra7 Kf6 63. Rc7 Ra2 64. Kg1 Ra8 65. Kf2 Re8 66. Ke3 Rh8 67. Kf2 Rh1 68. Kg2 Rd1 69. Kf2 Rd3 70. Kg2 Rd2+ 71. Kf1 1/2-1/2

[Event "TUR-chT"]
[Site "Kocaeli"]
[Date "2014.08.26"]
[Round "9.5"]
[White "Arduman, Can"]
[Black "Gulbas, Cemil"]
[Result "1/2-1/2"]
[WhiteElo "2347"]
[BlackElo "2365"]
[PlyCount "43"]
[EventDate "2014.08.18"]
[EventType "team-tourn"]
[EventRounds "13"]
[EventCountry "TUR"]
[SourceTitle "CBM 162 Extra"]
[Source "ChessBase"]
[SourceDate "2014.10.17"]
[SourceVersion "1"]
[SourceVersionDate "2014.10.17"]
[SourceQuality "1"]
[WhiteTeam "TS Alyans"]
[BlackTeam "Hatay Buyuksehir"]
[WhiteTeamCountry "TUR"]
[BlackTeamCountry "TUR"]

1. c4 e5 2. Nc3 Nf6 3. Nf3 Nc6 4. g3 d5 5. cxd5 Nxd5 6. Bg2 Nb6 7. d3 Be7 8. a3 0-0 9. 0-0 Re8 10. Be3 Bf8 11. Rc1 Nd4 12. Bxd4 exd4 13. Ne4 g6 14. Qd2 Bg7 15. Nc5 c6 16. Rfe1 Nd5 17. Nb3 Nc7 18. Na5 Nd5 19. Nb3 Nc7 20. Na5 Nd5 21. Nb3 Nc7 22. Na5 1/2-1/2

[Event "TUR-chT"]
[Site "Kocaeli"]
[Date "2014.08.19"]
[Round "2.2"]
[White "Arduman, Can"]
[Black "Gurevich, Mikhail"]
[Result "1/2-1/2"]
[WhiteElo "2347"]
[BlackElo "2571"]
[PlyCount "56"]
[EventDate "2014.08.18"]
[EventType "team-tourn"]
[EventRounds "13"]
[EventCountry "TUR"]
[SourceTitle "CBM 162 Extra"]
[Source "ChessBase"]
[SourceDate "2014.10.17"]
[SourceVersion "1"]
[SourceVersionDate "2014.10.17"]
[SourceQuality "1"]
[WhiteTeam "TS Alyans"]
[BlackTeam "Istanbul Teknik Uni"]
[WhiteTeamCountry "TUR"]
[BlackTeamCountry "TUR"]

1. d4 d5 2. c4 c6 3. Nf3 Nf6 4. e3 e6 5. b3 c5 6. cxd5 exd5 7. Bb5+ Nc6 8. 0-0 Bg4 9. dxc5 Bxc5 10. Bxc6+ bxc6 11. Qc2 Qd6 12. Nbd2 0-0 13. Bb2 Nd7 14. Rac1 Rfe8 15. Bd4 Bxd4 16. exd4 Rac8 17. Rfe1 Rxe1+ 18. Rxe1 h6 19. h3 Be6 20. Qb2 a5 21. Rc1 Qb4 22. Rc3 Bf5 23. Qc1 Qb6 24. Qa3 Qb4 25. Qc1 Qd6 26. Re3 Qb4 27. Rc3 Qb6 28. Qa3 Qb4 1/2-1/2

[Event "TUR-chT"]
[Site "Kocaeli"]
[Date "2014.08.18"]
[Round "1.4"]
[White "Hajiyev, Shahin Qabil"]
[Black "Arduman, Can"]
[Result "1-0"]
[WhiteElo "2014"]
[BlackElo "2347"]
[PlyCount "121"]
[EventDate "2014.08.18"]
[EventType "team-tourn"]
[EventRounds "13"]
[EventCountry "TUR"]
[SourceTitle "CBM 162 Extra"]
[Source "ChessBase"]
[SourceDate "2014.10.17"]
[SourceVersion "1"]
[SourceVersionDate "2014.10.17"]
[SourceQuality "1"]
[WhiteTeam "Mersin Ezgi"]
[BlackTeam "TS Alyans"]
[WhiteTeamCountry "TUR"]
[BlackTeamCountry "TUR"]

1. d4 Nf6 2. c4 g6 3. Nc3 Bg7 4. e4 d6 5. f3 0-0 6. Be3 Nc6 7. Nge2 a6 8. Qd2 Bd7 9. Nc1 Nh5 10. Nb3 a5 11. Rc1 a4 12. Na1 a3 13. b3 e5 14. Nc2 f5 15. d5 Ne7 16. Bd3 Nf4 17. 0-0 Nxd3 18. Qxd3 f4 19. Bf2 g5 20. c5 h5 21. cxd6 cxd6 22. Nb5 Rf6 23. Ncxa3 Ng6 24. Rc7 Bxb5 25. Nxb5 Rxa2 26. Rfc1 Bf8 27. Rxb7 g4 28. Bb6 Qe8 29. Nc3 Ra3 30. Nb1 Ra2 31. Nc3 Ra3 32. Bf2 Qc8 33. Rb4 g3 34. Bb6 gxh2+ 35. Kh1 Qb7 36. Qb5 Qg7 37. Bf2 Nh8 38. Ra4 Rxa4 39. bxa4 Rg6 40. Qf1 h4 41. Bxh4 Be7 42. Bxe7 Qxe7 43. a5 Qa7 44. a6 Kh7 45. Ra1 Rg8 46. Nd1 Qd4 47. Nf2 Ra8 48. Ng4 Ng6 49. Ra2 Kg7 50. Qa1 Qb6 51. a7 Nf8 52. Ra6 Qc5 53. Nxh2 Nd7 54. Qg1 Qb4 55. g3 Kf7 56. gxf4 exf4 57. Ra2 Qb7 58. Rg2 Qxa7 59. Rg7+ Ke8 60. Qg6+ Kd8 61. Qxd6 1-0

[Event "TUR-chT"]
[Site "Denizli"]
[Date "2013.07.01"]
[Round "3.3"]
[White "Matnadze, Ana"]
[Black "Arduman, Can"]
[Result "1/2-1/2"]
[WhiteElo "2412"]
[BlackElo "2353"]
[PlyCount "36"]
[EventDate "2013.06.29"]
[EventType "team-tourn"]
[EventRounds "13"]
[EventCountry "TUR"]
[SourceTitle "CBM 155 Extra"]
[Source "ChessBase"]
[SourceDate "2013.08.26"]
[SourceVersion "1"]
[SourceVersionDate "2013.08.26"]
[SourceQuality "1"]
[WhiteTeam "Ankara Demirspor"]
[BlackTeam "Tarsus Zeka"]
[WhiteTeamCountry "TUR"]
[BlackTeamCountry "TUR"]

1. d4 Nf6 2. Nf3 g6 3. g3 Bg7 4. Bg2 0-0 5. 0-0 d5 6. b3 c6 7. Bb2 Bf5 8. c4 Ne4 9. Nfd2 Nxd2 10. Nxd2 Na6 11. Rc1 Qd7 12. Re1 Rfd8 13. cxd5 cxd5 14. Nf3 Qd6 15. Qd2 Rac8 16. Qa5 Qb4 17. Bc3 Qxa5 18. Bxa5 Rxc1 1/2-1/2

[Event "TUR-chT"]
[Site "Konya"]
[Date "2012.07.21"]
[Round "12"]
[White "Arduman, Can"]
[Black "Aghamaliyev, Cemil"]
[Result "1-0"]
[WhiteElo "2336"]
[BlackElo "2518"]
[PlyCount "20"]
[EventDate "2012.07.11"]
[EventType "team-tourn"]
[EventRounds "13"]
[EventCountry "TUR"]
[SourceTitle "CBM 149 Extra"]
[Source "ChessBase"]
[SourceDate "2012.08.24"]
[SourceVersion "1"]
[SourceVersionDate "2012.08.24"]
[SourceQuality "1"]
[WhiteTeam "Tarsus Zeka"]
[BlackTeam "Istanbul Pera"]
[WhiteTeamCountry "TUR"]
[BlackTeamCountry "TUR"]

1. d4 Nf6 2. c4 g6 3. Nc3 Bg7 4. e4 0-0 5. Nf3 d6 6. Be2 Nbd7 7. 0-0 e5 8. Re1 h6 9. Bf1 Nh7 10. dxe5 dxe5 1-0

[Event "TUR-chT"]
[Site "Konya"]
[Date "2012.07.16"]
[Round "7"]
[White "Arduman, Can"]
[Black "Nikolova, Adriana"]
[Result "1-0"]
[WhiteElo "2336"]
[BlackElo "2360"]
[PlyCount "85"]
[EventDate "2012.07.11"]
[EventType "team-tourn"]
[EventRounds "13"]
[EventCountry "TUR"]
[SourceTitle "CBM 149 Extra"]
[Source "ChessBase"]
[SourceDate "2012.08.24"]
[SourceVersion "1"]
[SourceVersionDate "2012.08.24"]
[SourceQuality "1"]
[WhiteTeam "Tarsus Zeka"]
[BlackTeam "Mersin Ezgi"]
[WhiteTeamCountry "TUR"]
[BlackTeamCountry "TUR"]

1. d4 d5 2. c4 c6 3. Nc3 Nf6 4. e3 a6 5. Nf3 b5 6. b3 g6 7. Bd3 Bg7 8. 0-0 0-0 9. Qc2 Bb7 10. Ba3 Re8 11. e4 Qa5 12. Bb2 dxe4 13. Nxe4 Nbd7 14. a4 bxc4 15. bxc4 Nxe4 16. Bxe4 e5 17. dxe5 Nxe5 18. Bxe5 Bxe5 19. Rab1 Rab8 20. c5 Bg7 21. Rb6 Ba8 22. Rfb1 Rxb6 23. cxb6 Bb7 24. Nd2 Qe5 25. Bf3 Bf8 26. g3 a5 27. Nb3 Bb4 28. Rc1 Ba3 29. Rd1 Bb4 30. Kg2 h5 31. Rd7 Bc8 32. Rd4 Bf5 33. Qxc6 h4 34. Rxh4 Rc8 35. Qd5 Qe1 36. Qd4 Kf8 37. Rh8+ Ke7 38. Rxc8 Bxc8 39. b7 Bxb7 40. Bxb7 Kf8 41. Bd5 Bc3 42. Qc5+ Kg7 43. Qc7 1-0

[Event "TUR-chT"]
[Site "Konya"]
[Date "2012.07.15"]
[Round "5"]
[White "Arduman, Can"]
[Black "Solak, Dragan"]
[Result "0-1"]
[WhiteElo "2336"]
[BlackElo "2589"]
[PlyCount "104"]
[EventDate "2012.07.11"]
[EventType "team-tourn"]
[EventRounds "13"]
[EventCountry "TUR"]
[SourceTitle "CBM 149 Extra"]
[Source "ChessBase"]
[SourceDate "2012.08.24"]
[SourceVersion "1"]
[SourceVersionDate "2012.08.24"]
[SourceQuality "1"]
[WhiteTeam "Tarsus Zeka"]
[BlackTeam "Besiktas Jimnastik"]
[WhiteTeamCountry "TUR"]
[BlackTeamCountry "TUR"]

1. d4 d6 2. Nf3 g6 3. c4 Bg7 4. e4 e5 5. Bg5 f6 6. Be3 Nh6 7. h3 f5 8. Nc3 f4 9. Bc1 0-0 10. d5 a5 11. a3 Bd7 12. Bd2 Na6 13. Rb1 Nf7 14. b4 Qe7 15. Be2 h5 16. Qc2 Bf6 17. Kd1 c6 18. Ne1 Rfc8 19. Nd3 axb4 20. axb4 Nc7 21. Qb2 cxd5 22. cxd5 Nb5 23. Nxb5 Bxb5 24. Nc1 Qd7 25. f3 Bd8 26. Bxb5 Qxb5 27. Ra1 Rxa1 28. Qxa1 Bb6 29. Re1 Ng5 30. Qa3 Nh7 31. Nd3 Nf6 32. Ke2 Kf7 33. Rc1 Rg8 34. Ra1 g5 35. Qa4 Qxa4 36. Rxa4 g4 37. hxg4 hxg4 38. Be1 g3 39. Ra2 Rh8 40. Kd1 Rh2 41. Re2 Bd4 42. Nc1 b5 43. Nb3 Bb6 44. Nd2 Nh7 45. Nf1 Rh1 46. Nxg3 fxg3 47. Kc2 Nf6 48. Bxg3 Nh5 49. Bf2 Nf4 50. Re1 Nxg2 51. Bg3 Bd8 52. Kd3 Bh4 0-1

[Event "TUR-chT"]
[Site "Konya"]
[Date "2012.07.14"]
[Round "4"]
[White "Arduman, Can"]
[Black "Guramishvili, Sopiko"]
[Result "1/2-1/2"]
[WhiteElo "2336"]
[BlackElo "2400"]
[PlyCount "96"]
[EventDate "2012.07.11"]
[EventType "team-tourn"]
[EventRounds "13"]
[EventCountry "TUR"]
[SourceTitle "CBM 149 Extra"]
[Source "ChessBase"]
[SourceDate "2012.08.24"]
[SourceVersion "1"]
[SourceVersionDate "2012.08.24"]
[SourceQuality "1"]
[WhiteTeam "Tarsus Zeka"]
[BlackTeam "Denizli Pamukkale Uni"]
[WhiteTeamCountry "TUR"]
[BlackTeamCountry "TUR"]

1. d4 d5 2. c4 c6 3. Nc3 dxc4 4. e4 b5 5. a4 b4 6. Na2 Nf6 7. f3 e5 8. Bxc4 Qxd4 9. Qe2 Bc5 10. Bg5 Qd6 11. Nc1 h6 12. Bh4 Nh5 13. Nb3 Nf4 14. Qc2 Bd4 15. Nxd4 exd4 16. Bg3 g5 17. Bxf4 gxf4 18. Ne2 Be6 19. Rc1 Ke7 20. Qd2 c5 21. Nxf4 Nd7 22. Bxe6 fxe6 23. Ng6+ Kf7 24. Nxh8+ Rxh8 25. 0-0 Kg7 26. b3 Rf8 27. f4 Kh7 28. Qd3 e5 29. f5 Nf6 30. Rfe1 Rc8 31. Rc2 Rc7 32. g3 Qe7 33. Kg2 Ng4 34. Kf3 Qg5 35. h3 Ne3 36. Rxe3 dxe3 37. Qxe3 Qe7 38. g4 Qd8 39. Rd2 Rd7 40. Rxd7+ Qxd7 41. Qxc5 Qd1+ 42. Kg3 Qd3+ 43. Kh4 Qd8+ 44. Kg3 Qd3+ 45. Kf2 Qd2+ 46. Kg1 Qe1+ 47. Kh2 Qd2+ 48. Kg1 Qe1+ 1/2-1/2

[Event "TUR-chT"]
[Site "Konya"]
[Date "2012.07.13"]
[Round "3"]
[White "Arduman, Can"]
[Black "Pantsulaia, Levan"]
[Result "1/2-1/2"]
[WhiteElo "2336"]
[BlackElo "2557"]
[PlyCount "64"]
[EventDate "2012.07.11"]
[EventType "team-tourn"]
[EventRounds "13"]
[EventCountry "TUR"]
[SourceTitle "CBM 149 Extra"]
[Source "ChessBase"]
[SourceDate "2012.08.24"]
[SourceVersion "1"]
[SourceVersionDate "2012.08.24"]
[SourceQuality "1"]
[WhiteTeam "Tarsus Zeka"]
[BlackTeam "Istanbul Aquamatch"]
[WhiteTeamCountry "TUR"]
[BlackTeamCountry "TUR"]

1. d4 Nf6 2. c4 c5 3. d5 e6 4. Nc3 exd5 5. cxd5 d6 6. Nf3 g6 7. Bf4 Bg7 8. h3 0-0 9. e3 Na6 10. Bc4 Nc7 11. a4 a6 12. 0-0 b6 13. e4 Bb7 14. Re1 Nfe8 15. Qd3 Rb8 16. Rab1 Bc8 17. b4 Bd7 18. b5 Bxc3 19. Qxc3 axb5 20. axb5 f6 21. Qb3 Kh8 22. Bd2 Ng7 23. Bc3 Kg8 24. Qb2 Ra8 25. Ra1 Rxa1 26. Rxa1 Nh5 27. Nd2 Qe8 28. Ra7 Qb8 29. Ra3 Qe8 30. Ra7 Qb8 31. Ra3 Qe8 32. Ra7 Qb8 1/2-1/2

[Event "TUR-chT"]
[Site "Konya"]
[Date "2010.06.29"]
[Round "1"]
[White "Arduman, Can"]
[Black "Haznedaroglu, Kivanc"]
[Result "1/2-1/2"]
[WhiteElo "2335"]
[BlackElo "2501"]
[PlyCount "66"]
[EventDate "2010.06.29"]
[EventType "team-tourn"]
[EventRounds "13"]
[EventCountry "TUR"]
[SourceTitle "CBM 137 Extra"]
[Source "ChessBase"]
[SourceDate "2010.09.01"]
[SourceVersion "1"]
[SourceVersionDate "2010.09.01"]
[SourceQuality "1"]

1. d4 d5 2. Nf3 Nf6 3. Bf4 g6 4. e3 Bg7 5. h3 0-0 6. Be2 c5 7. c3 Nc6 8. 0-0 Nd7 9. Nbd2 e5 10. dxe5 Ndxe5 11. Nxe5 Nxe5 12. Nf3 Nc6 13. Qb3 b6 14. Rad1 Be6 15. Ng5 Qe7 16. Nxe6 fxe6 17. Bg3 Rad8 18. Qa4 Ne5 19. e4 g5 20. exd5 exd5 21. Rfe1 Qf7 22. Kh1 Rfe8 23. Bb5 Re7 24. f4 gxf4 25. Qxf4 Ng6 26. Qg5 Bf6 27. Qg4 d4 28. cxd4 Rxd4 29. Qc8+ Kg7 30. b3 Qd5 31. Rxd4 Rxe1+ 32. Bxe1 Qxd4 33. Qd7+ Ne7 1/2-1/2

[Event "Dortmund op-A"]
[Site "Dortmund"]
[Date "2007.07.01"]
[Round "9"]
[White "Gutman, Lev"]
[Black "Arduman, Can"]
[Result "1-0"]
[WhiteElo "2444"]
[BlackElo "2317"]
[PlyCount "53"]
[EventDate "2007.06.22"]
[EventType "swiss"]
[EventRounds "9"]
[EventCountry "GER"]
[SourceTitle "EXT 2008"]
[Source "ChessBase"]
[SourceDate "2007.11.25"]
[SourceVersion "1"]
[SourceVersionDate "2007.11.25"]
[SourceQuality "1"]

1. Nf3 Nf6 2. g3 d5 3. Bg2 c6 4. 0-0 Bg4 5. a4 Nbd7 6. a5 e6 7. d4 Bd6 8. c3 a6 9. Nbd2 e5 10. dxe5 Nxe5 11. h3 Nxf3+ 12. exf3 Be6 13. f4 Qd7 14. Kh2 0-0-0 15. Nf3 Bf5 16. Ne5 Qc7 17. Be3 Rde8 18. Bb6 Qe7 19. Re1 Qf8 20. Qa4 Bxe5 21. fxe5 Nd7 22. c4 Nxb6 23. axb6 Kb8 24. cxd5 cxd5 25. e6 g5 26. Qd4 fxe6 27. Qe5+ 1-0

[Event "Izmir op 5th"]
[Site "Izmir"]
[Date "2006.08.17"]
[Round "8"]
[White "Gurbanzade, Erkin"]
[Black "Arduman, Can"]
[Result "0-1"]
[WhiteElo "2150"]
[BlackElo "2316"]
[PlyCount "68"]
[EventDate "2006.09.10"]
[EventType "swiss"]
[EventRounds "10"]
[EventCountry "TUR"]
[SourceTitle "EXT 2007"]
[Source "ChessBase"]
[SourceDate "2006.11.23"]
[SourceVersion "1"]
[SourceVersionDate "2006.11.23"]
[SourceQuality "1"]

1. e4 e5 2. Nf3 Nc6 3. d4 exd4 4. Nxd4 Bc5 5. Be3 Qf6 6. c3 Nge7 7. Bc4 0-0 8. 0-0 Ne5 9. Be2 Qg6 10. Kh1 d6 11. f4 N5c6 12. f5 Qf6 13. Qd2 h6 14. b4 Bb6 15. g4 d5 16. g5 hxg5 17. Bxg5 Qe5 18. Bf4 Qf6 19. Bg5 Qe5 20. f6 Ng6 21. fxg7 Re8 22. Bf6 Qxe4+ 23. Bf3 Qf4 24. Bg2 Qxd2 25. Nxd2 Nxd4 26. cxd4 c6 27. Nf3 Re6 28. Ng5 Rxf6 29. Rxf6 Bxd4 30. Raf1 Bxf6 31. Rxf6 Ne5 32. Rd6 Bf5 33. b5 Kxg7 34. bxc6 bxc6 0-1

[Event "Izmir op 5th"]
[Site "Izmir"]
[Date "2006.08.16"]
[Round "7"]
[White "Arduman, Can"]
[Black "Karamahmutoglu, Eser"]
[Result "1-0"]
[WhiteElo "2316"]
[BlackElo "1992"]
[PlyCount "69"]
[EventDate "2006.09.10"]
[EventType "swiss"]
[EventRounds "10"]
[EventCountry "TUR"]
[SourceTitle "EXT 2007"]
[Source "ChessBase"]
[SourceDate "2006.11.23"]
[SourceVersion "1"]
[SourceVersionDate "2006.11.23"]
[SourceQuality "1"]

1. d4 Nf6 2. c4 e6 3. g3 d5 4. Nf3 g6 5. Bg2 Bg7 6. 0-0 0-0 7. Nc3 c6 8. b3 Na6 9. Ba3 Re8 10. Qc2 Qa5 11. Bd6 c5 12. e3 Bd7 13. Rab1 Qb6 14. dxc5 Nxc5 15. Be5 Rac8 16. Bd4 Qd6 17. Ne5 Na6 18. Rfd1 Bc6 19. Qb2 Qe7 20. cxd5 exd5 21. b4 Nc7 22. b5 Bd7 23. Nxd7 Qxd7 24. a4 b6 25. Rd3 Qf5 26. Rbd1 Rcd8 27. Qa2 Nd7 28. Bxg7 Kxg7 29. Nxd5 Ne6 30. e4 Qh5 31. f4 Nec5 32. Qa1+ Kh6 33. g4 Qxg4 34. Rh3+ Qxh3 35. Bxh3 1-0

[Event "Izmir op 5th"]
[Site "Izmir"]
[Date "2006.08.13"]
[Round "4"]
[White "Marholev, Dimitar"]
[Black "Arduman, Can"]
[Result "1-0"]
[WhiteElo "2434"]
[BlackElo "2316"]
[PlyCount "123"]
[EventDate "2006.09.10"]
[EventType "swiss"]
[EventRounds "10"]
[EventCountry "TUR"]
[SourceTitle "EXT 2007"]
[Source "ChessBase"]
[SourceDate "2006.11.23"]
[SourceVersion "1"]
[SourceVersionDate "2006.11.23"]
[SourceQuality "1"]

1. e4 e5 2. Nf3 Nc6 3. Bb5 a6 4. Ba4 Nf6 5. 0-0 Be7 6. Re1 b5 7. Bb3 0-0 8. a3 d6 9. c3 Na5 10. Bc2 c5 11. d4 Qc7 12. Nbd2 cxd4 13. cxd4 Bd7 14. b4 Nc6 15. d5 Na7 16. Nb3 h6 17. Bd3 Bd8 18. h3 Qb8 19. Be3 Bb6 20. Qd2 Bxe3 21. Qxe3 Nc8 22. Rec1 Ne7 23. Na5 Rc8 24. Nd2 Qa7 25. Rxc8+ Nxc8 26. Qxa7 Nxa7 27. Rc1 Rc8 28. Rxc8+ Nxc8 29. a4 Ne8 30. axb5 Bxb5 31. Bxb5 axb5 32. Nb1 Na7 33. Nc3 Nc7 34. Nb7 Nc8 35. f4 f6 36. f5 g6 37. Kf2 g5 38. h4 Kg7 39. Kf3 h5 40. Nd8 g4+ 41. Ke3 Kg8 42. Kd3 Na7 43. Kc2 Kh7 44. Kb3 Kg8 45. Ne2 Nc8 46. Ng3 Nb6 47. Nxh5 Ne8 48. Kc3 Nc4 49. Kd3 Kh7 50. Ng3 Nb2+ 51. Ke2 Nc4 52. Nc6 Kh6 53. Nd8 Nc7 54. Nh1 Kh5 55. g3 Na6 56. Nc6 Nc7 57. Nf2 Na3 58. Nd1 Nc4 59. Nc3 Na3 60. Na7 Kh6 61. Kd3 Kh5 62. Nd1 1-0

[Event "Izmir op 5th"]
[Site "Izmir"]
[Date "2006.08.12"]
[Round "3"]
[White "Arduman, Can"]
[Black "Shanava, Konstantine"]
[Result "1/2-1/2"]
[WhiteElo "2316"]
[BlackElo "2490"]
[PlyCount "43"]
[EventDate "2006.09.10"]
[EventType "swiss"]
[EventRounds "10"]
[EventCountry "TUR"]
[SourceTitle "EXT 2007"]
[Source "ChessBase"]
[SourceDate "2006.11.23"]
[SourceVersion "1"]
[SourceVersionDate "2006.11.23"]
[SourceQuality "1"]

1. d4 Nf6 2. c4 e6 3. Nc3 Bb4 4. g3 c5 5. Nf3 b6 6. Bg2 Bb7 7. 0-0 cxd4 8. Qxd4 0-0 9. Bf4 Nc6 10. Qd3 Na5 11. b3 d5 12. cxd5 Nxd5 13. Nxd5 Qxd5 14. Qxd5 Bxd5 15. Ne1 Bxg2 16. Kxg2 Rac8 17. Nd3 Ba3 18. Bc1 Be7 19. Bb2 Rc2 20. Rfc1 Rfc8 21. Rxc2 Rxc2 22. Rc1 1/2-1/2

[Event "EU-Cup 20th"]
[Site "Izmir"]
[Date "2004.10.08"]
[Round "6.2"]
[White "Arduman, Can"]
[Black "Matthiesen, Martin"]
[Result "1-0"]
[WhiteElo "2308"]
[BlackElo "2311"]
[PlyCount "49"]
[EventDate "2004.10.03"]
[EventType "team-swiss"]
[EventRounds "7"]
[EventCountry "TUR"]
[SourceTitle "CBM 104"]
[Source "ChessBase"]
[SourceDate "2005.01.27"]
[SourceVersion "1"]
[SourceVersionDate "2005.01.27"]
[SourceQuality "1"]
[WhiteTeam "Ankara"]
[BlackTeam "Aarhus"]
[WhiteTeamCountry "TUR"]
[BlackTeamCountry "DEN"]

1. d4 Nf6 2. Bg5 e6 3. e4 c5 4. d5 h6 5. Bxf6 Qxf6 6. Nc3 a6 7. a4 b6 8. Nf3 e5 9. Be2 d6 10. 0-0 Nd7 11. Nd2 Qd8 12. Bg4 Be7 13. Qe2 0-0 14. Nd1 g6 15. Ne3 Bg5 16. Ndc4 Qc7 17. g3 Bxe3 18. Qxe3 Kg7 19. f4 f6 20. Be6 Rb8 21. f5 g5 22. Qf3 Rd8 23. Qh5 Nf8 24. h4 Bxe6 25. fxe6 1-0

[Event "EU-Cup 20th"]
[Site "Izmir"]
[Date "2004.10.06"]
[Round "4.1"]
[White "Sadiku, Bedri"]
[Black "Arduman, Can"]
[Result "0-1"]
[WhiteElo "2295"]
[BlackElo "2308"]
[PlyCount "37"]
[EventDate "2004.10.03"]
[EventType "team-swiss"]
[EventRounds "7"]
[EventCountry "TUR"]
[SourceTitle "CBM 104"]
[Source "ChessBase"]
[SourceDate "2005.01.27"]
[SourceVersion "1"]
[SourceVersionDate "2005.01.27"]
[SourceQuality "1"]
[WhiteTeam "Pristina"]
[BlackTeam "Ankara"]
[WhiteTeamCountry "YUG"]
[BlackTeamCountry "TUR"]

1. e4 e5 2. Nf3 Nc6 3. d4 exd4 4. c3 d5 5. exd5 Qxd5 6. cxd4 Bb4+ 7. Nc3 Bg4 8. Be2 Bxf3 9. Bxf3 Qc4 10. Be3 0-0-0 11. Bxc6 Bxc3+ 12. bxc3 Qxc3+ 13. Kf1 Qxc6 14. Qg4+ Kb8 15. Qxg7 Ne7 16. Qxf7 Nd5 17. Kg1 Rhf8 18. Qxh7 Nxe3 19. d5 0-1